| 000 | 00731nam a2200205Ia 4500 | ||
|---|---|---|---|
| 001 | 9290 | ||
| 003 | GE_BSU | ||
| 008 | 181216s||||||||xx |||||||||||||| ||und|| | ||
| 040 | _cGE_BSU | ||
| 080 | _a622.32(6) | ||
| 100 | _aЛисичкин,С.М. | ||
| 245 | _aНефтяная промышленность Африки, Австралии, Латинской Америки и Канады. | ||
| 245 | _cРед.И.Д.Корягин. | ||
| 260 | _aМ. | ||
| 260 | _bНедра. | ||
| 260 | _c1964. | ||
| 300 | _a280 стр. 21см. Библиогр.:стр.279-281. | ||
| 653 | _aНефтяная промышленность Африки, Австралии, Латинской Америки и Канады. | ||
| 942 | _cBK | ||
| 999 |
_c42587 _d42587 |
||